LEADER 01120nam a2200289 u 4500 001 000000038791 003 CaOOAMICUS 005 20070226113921.0 008 980428s1969 it u000 u ita u 035 $a10792662 040 $aPUL(R)$bita 100 1 $aGregori, Giorgio.$0(OLS)http://pul/name/28912 245 10$aAdeguatezza sociale e teoria del reato /$cGiorgio Gregori. 260 $aPadova :$bCEDAM,$c1969. 300 $a197 p. ;$c25 cm 490 1 $aCollana di studi penalistici ;$v5 504 $aBibliografia in nota. 650 4$aDiritto penale.$0(OLS)http://pul/subject/1808 830 0$aCollana di studi penalistici (CEDAM) ;$v5.$0(OLS)http://pul/title/52232 850 $aPUL 852 $aPUL$W1$xSL Diritto e Scienze Sociali 1$y4$m178 G 50$j52813$nBK-PRI$b $qStampati$B52813$CPULBib$Z2$F52813 $H $81 941 1 $a8 960 $aPena (diritto)$91808 960 $aPena (diritto)$91808 961 $aINV: 48024. 996 $6245$aAdeguatezza sociale e teoria del reato$9(OLS)http://pul/title/52595 996 $6260$aPadova :$bCEDAM$9(OLS)http://pul/publisher/48126 LEADER 01271nam a2200265 a 4500 001 000000156152 003 CaOOAMICUS 005 20161111112914.0 008 161111n1964 fr u000 u fre r 032 $aLibriCat 040 $aPUL$bita 100 1 $aBesret, Bernard$bS.O.Cist.$0(OLS)http://pul/name/99527 245 10$aDeux chapitres d'histoire du vocabulaire religieux contemporain en France: $bincarnation et eschatologie 1935-1955 / $cBernardo Besret . 260 $aParisiis :$b[s.n.],$c1964. 300 $a166 p. ; $c19 cm. 502 $aEstratto da tesi -- Pontificium Institutum Sancti Anselmi de Urbe, Facultate Theologica, 1962. 504 $aBibliografia in nota a pič pagina. 650 04$aEscatologia$xStudi.$0(OLS)http://pul/subject/25447 710 2 $aPontificio ateneo S. Anselmo.$bFacoltŕ di teologia.$kTesi.$0(OLS)http://pul/name/82348 850 $aPUL 852 $aPUL$W1$xDP1 Tesi Pon. At. S. Anselmo$y29$mTH ANS 80$j179338$qTesi$B182502$CPULBib$Z2$F182502 $82 941 1 $a16 996 $6245$aDeux chapitres d'histoire du vocabulaire religieux contemporain en France: $bincarnation et eschatologie 1935-1955 / $9(OLS)http://pul/title/195784 996 $6260$aParisiis :$b[s.n.]$9(OLS)http://pul/publisher/53092